Countries with W - Statistics

General Stats
  • This quiz has been taken 31 times
  • The average score is 9 of 12
Answer Stats
Answer % Correct
Sweden
96%
New Zealand
82%
Zimbabwe
82%
Malawi
79%
Switzerland
79%
Botswana
75%
Eswatini
75%
Norway
75%
Rwanda
71%
Taiwan
68%
Kuwait
57%
Papua New Guinea
21%
No matching quizzes found
Score Distribution
Percent of People with Each Score
Percentile by Number Answered
Your Score History
You have not taken this quiz